000 00737nam a2200241Ia 4500
003 OSt
005 20260305105314.0
008 210716s2015 xx 000 0 und d
020 _a9789350390993
040 _cAIMIT LIBRARY
041 _aeng
082 _a336.294
_21
_bMANT
100 _aManoharan, T N.
_9257702
245 _aDirect tax laws :
_bassessment year 2015-16 /
_cBy T.N. Manoharan and G.R. Hari.
250 _a25th ed.
260 _aMumbai :
_bSnow White Publications Pvt Ltd ,
_c2015.
300 _alxviii,1048 p.;
_bPB
_c27.5 cm.
440 _aAssessment year 2016-16
_9257703
650 _aSalaries
_9257704
650 _aCapital gains
_9257705
700 _aHari, G.R.
_9257706
942 _2ddc
_cBK
_e1
_k336.294 MANT
999 _c208923
_d208923